| 000 | 00779nam a2200265 a 4500 | ||
|---|---|---|---|
| 001 | 3338 | ||
| 003 | BD-RjUL | ||
| 005 | 20211208233720.0 | ||
| 008 | 131218s1971 ii bs 000 0 eng | ||
| 035 | _a(BD-RjUL)3372 | ||
| 040 |
_aDLC _cDLC _dDLC _dBD-RjUL _beng |
||
| 041 | _aeng | ||
| 082 | 0 | 0 |
_a331.0954 _bAVL 1971 _223 |
| 100 | 1 |
_a Avtar, Ram , _d1937- _910499 |
|
| 245 | 1 | 0 |
_aLectures on labour problems & social welfare in India / _cby Ram Avtar. |
| 260 |
_aJullundur : _bNew Academic Pub. Co., _c1971. |
||
| 300 |
_aviii, 320 p. ; _c22 cm. |
||
| 350 | _aRs12.50 | ||
| 504 | _aBibliography: p. 318-319. | ||
| 650 | 0 |
_aLabor _zIndia. _910500 |
|
| 650 | 0 |
_aWorking Class _zIndia. _910501 |
|
| 650 | 0 |
_aLabor policy _zIndia. _910502 |
|
| 942 |
_2ddc _cBK |
||
| 999 |
_c3338 _d3338 |
||